Carillas laminadas, soluciones estéticas (Registro nro. 550)
[ vista simple ]
| 000 -Cabecera | |
|---|---|
| Campo de control de longitud fija | 00793aam a2200289 4500 |
| 005 - Fecha y hora de la última transacción | |
| Campo de control | 20251216120627.0 |
| 008 - Elementos de longitud fija--Información general | |
| Campo de control de longitud fija | 150810b1997 xxu||||| |||| 00| 0 spa d |
| 020 ## - International Standard Book Number | |
| Número Internacional Estándar del Libro (ISBN) | 9806184467 |
| 041 ## - Idioma | |
| Código de idioma | Español |
| 082 ## - Clasificación Decimal Dewey | |
| Número de clasificación | 617.69 F518c |
| 100 ## - Entrada principal--Autor personal | |
| Nombre personal | Fioranelli, Vieira |
| 9 (RLIN) | 18467 |
| 100 ## - Entrada principal--Autor personal | |
| Nombre personal | Trajano de Mello Ferreira, Andréa |
| 100 ## - Entrada principal--Autor personal | |
| Nombre personal | Garófalo, José Carlos |
| 100 ## - Entrada principal--Autor personal | |
| Nombre personal | Martins Agra, Carlos |
| 245 ## - Título propiamente dicho | |
| Título | Carillas laminadas, soluciones estéticas |
| 260 ## - Pie de imprenta | |
| Lugar de publicación, distribución, etc. | Venezuela |
| 260 ## - Pie de imprenta | |
| Nombre del editor, distribuidor, etc. | Actualidades Médico Odontológicas Latinoamerica |
| 260 ## - Pie de imprenta | |
| Fecha de publicación, distribución, etc. | 1997 |
| 300 ## - Descripción física | |
| Extensión | 102 páginas |
| 300 ## - Descripción física | |
| Otras características físicas | Ilustraciones a color |
| 490 ## - Serie | |
| Título de la Serie | Mecánica Dental |
| 650 ## - Materia general | |
| Temática (materia general) | ODONTOLOGÍA ESTÉTICA |
| 650 ## - Materia general | |
| Temática (materia general) | OCLUSIÓN |
| 650 ## - Materia general | |
| Temática (materia general) | CARILLAS LAMINADAS |
| 650 ## - Materia general | |
| Temática (materia general) | |
| 942 ## - Punto de acceso adicional KOHA | |
| Tipo de ítem KOHA | Libro |
| Fuente del sistema de clasificación o colocación | Dewey Decimal Classification |
| Signatura completa | Código de barras | Programa Académico | Tipo de ítem |
|---|---|---|---|
| 617.69 F518c | 3421 | Mecánica Dental | Libro |
| 617.69 F518c | 5057 | Mecánica Dental | Libro |